000 00619nam a2200193Ia 4500
003 LDD
008 190117s9999 xx 000 0 und d
020 _c₹60
040 _cLDD
041 _ahi
082 _a8B1.4 नि6401र
100 _aनिराला
245 0 _aरवीन्द्र कविता कानून
_cनिराला
260 _aइलाहाबाद
_bलोकभारती
_c1995
300 _a152
901 _aHBC
904 _aReqst by : रीता रानी पालीवाल
942 _2ddc
_cH
999 _c162475
_d162475